Оbraz Hrista v poème bloka "dvenadcat'"

Elmentve itt :
Bibliográfiai részletek
Szerző: Gál Márta
Dokumentumtípus: Cikk
Megjelent: 1990
Sorozat:Dissertationes slavicae. sectio linguistica 21
Kulcsszavak:Irodalomtudomány
Online Access:http://acta.bibl.u-szeged.hu/1317
LEADER 00616nab a2200181 i 4500
001 acta1317
005 20210310151719.0
008 161015s1990 hu o 0|| rus d
022 |a 0237-9554 
040 |a SZTE Egyetemi Kiadványok Repozitórium  |b hun 
041 |a rus 
100 1 |a Gál Márta 
245 1 0 |a Оbraz Hrista v poème bloka "dvenadcat'"  |h [elektronikus dokumentum] /  |c  Gál Márta 
260 |c 1990 
300 |a 253-263 
490 0 |a Dissertationes slavicae. sectio linguistica  |v 21 
695 |a Irodalomtudomány 
856 4 0 |u http://acta.bibl.u-szeged.hu/1317/1/dissert_slav_ling_021_253-263.pdf  |z Dokumentum-elérés